| 000 | 00858cac a22002411u 4500 | ||
|---|---|---|---|
| 090 | _c7182 | ||
| 008 | 090106t 1997xxu||||| |||| 00| 0 eng d | ||
| 010 | _a 97216306 | ||
| 020 | _a0442025580 | ||
| 082 |
_a658.054678 _bBOC |
||
| 100 | _aBock, Wally, | ||
| 245 | 1 | 0 |
_aNet income : _bcut costs, boost profits, and enhance operations online / _cWally Bock, Jeff Senne?. |
| 260 |
_aNew York : _bVan Nostrand Reinhold, _cc1997. |
||
| 300 |
_axxx, 288 p. : _bill. ; _c23 cm. |
||
| 500 | _adistributer: Al-Ahram | ||
| 504 | _aIncludes bibliographical references (p. 249-252) and index. | ||
| 511 | _acatalogued by: wessam | ||
| 650 | 0 |
_aBusiness enterprises _xComputer networks. |
|
| 650 | 0 | _aIntranets (Computer networks) | |
| 650 | 0 |
_aExtranets (Computer networks) _91652 |
|
| 650 | 0 | _aWorld Wide Web. | |
| 942 |
_cBB _k658.054678 BOC _2ddc |
||
| 999 |
_c7182 _d7182 |
||